Riconosci il Pokémon - Quiz n°827 - Statistics

Statistiche generali
  • Questo quiz è stato fatto 3 volte
  • Il punteggio medio è 7 su 10
Statistiche sulle risposte
Indizio Riposta % Corretto
Altezza 1,9 m
100%
Tipo Normale
100%
Generazione Settima
100%
Peso 120,5 kg
67%
Tasso di cattura 3 (1.6%)
67%
Stadio evoluzione Forma Base
67%
Tasso di allevamento Lento
67%
Abilità Lottascudo
67%
Sesso Sconosciuto
67%
Pokémon Tipo Zero
33%
Nessun quiz corrispondente trovato
Distribuzione punteggi
Percentuale di utenti per punteggio
Percentile per numero di risposta
I tuoi punteggi nel tempo
Non hai fatto questo quiz